| 000 | 01138nam a22002057a 4500 | ||
|---|---|---|---|
| 999 |
_c63782 _d63782 |
||
| 003 | Ge_BSU | ||
| 005 | 20260113164825.0 | ||
| 008 | 260113s1975 ge ||||| |||| 00| 0 geo d | ||
| 041 | _ageo | ||
| 080 | _a338.24(47+57) 005.93 ს-74 | ||
| 245 |
_aსოციალისტური წარმოების მართვა : _bთეორიისა და პრაქტიკის საკითხები / _c[რედ. კოლეგია: ვ. აფანასევი, ჯ. გვიშიანი, გ. პოპოვი]. |
||
| 264 |
_aთბ. : _bსაბჭ. საქართველო, _c1975. |
||
| 300 |
_a786 გვ. ; _b22 სმ. |
||
| 490 | _aეკონომიური განათლ. სისტემა | ||
| 653 | _aსოციალისტური წარმოების მართვა | ||
| 700 |
_aაფანასევი, ვ. _eრედაქტორი _926659 |
||
| 700 |
_aგვიშიანი, ჯ. _eრედაქტორი. _926660 |
||
| 700 |
_aპოპოვი, გ. _eრედაქტორი _926661 |
||
| 942 |
_2udc _cᲬᲘᲒᲜᲘ |
||